| 000 | 00471nam a2200205Ia 4500 | ||
|---|---|---|---|
| 005 | 20250425160751.0 | ||
| 008 | 250425s9999 xx 000 0 und d | ||
| 020 | _a0444009469 | ||
| 041 | _aeng | ||
| 082 | _a550.2462 | ||
| 100 | _aBLYTH, F. G. H. | ||
| 245 | 0 | _aA GEOLOGY FOR ENGINEERS | |
| 250 | _a7TH ED. | ||
| 260 |
_aEstados Unidos _bELSEVIER _c1984 |
||
| 260 | _aNEW YORK | ||
| 300 | _a325 | ||
| 700 | _aDE FREITAS, M H | ||
| 942 | _c01 | ||
| 010 | _a4789 | ||
| 999 |
_c195742 _d195742 |
||